<?xml version="1.0" encoding="UTF-8"?>
<record
    xmlns:xsi="http://www.w3.org/2001/XMLSchema-instance"
    xsi:schemaLocation="http://www.loc.gov/MARC21/slim http://www.loc.gov/standards/marcxml/schema/MARC21slim.xsd"
    xmlns="http://www.loc.gov/MARC21/slim">

  <leader>00600nam a22001937a 4500</leader>
  <datafield tag="999" ind1=" " ind2=" ">
    <subfield code="c">172062</subfield>
    <subfield code="d">172062</subfield>
  </datafield>
  <controlfield tag="005">20200127115003.0</controlfield>
  <datafield tag="010" ind1=" " ind2=" ">
    <subfield code="a">A-678257</subfield>
  </datafield>
  <datafield tag="020" ind1=" " ind2=" ">
    <subfield code="c">15.00</subfield>
  </datafield>
  <datafield tag="035" ind1=" " ind2=" ">
    <subfield code="a">A-678257</subfield>
  </datafield>
  <datafield tag="037" ind1=" " ind2=" ">
    <subfield code="b">BPPD/Pub.</subfield>
  </datafield>
  <datafield tag="082" ind1=" " ind2=" ">
    <subfield code="a">840.8</subfield>
  </datafield>
  <datafield tag="100" ind1=" " ind2=" ">
    <subfield code="a">&#x62A;&#x648;&#x627;&#x631;&#x6CC; &#x60C; &#x631;&#x627;&#x645; &#x686;&#x646;&#x62F;&#x631;</subfield>
  </datafield>
  <datafield tag="245" ind1=" " ind2=" ">
    <subfield code="a">&#x67E;&#x631;&#x62A;&#x627;&#x67E; &#x646;&#x627;&#x631;&#x627;&#x6CC;&#x646; &#x645;&#x634;&#x631; /</subfield>
    <subfield code="c">&#x631;&#x627;&#x645; &#x686;&#x646;&#x62F;&#x631; &#x62A;&#x648;&#x627;&#x631;&#x6CC;</subfield>
  </datafield>
  <datafield tag="246" ind1=" " ind2=" ">
    <subfield code="a">Pratap Narayan Mishra (Urdu) /</subfield>
    <subfield code="b">by Ram Chander Tiwari ; edited by Baljeet Singh</subfield>
  </datafield>
  <datafield tag="260" ind1=" " ind2=" ">
    <subfield code="a">New Delhi</subfield>
    <subfield code="b">Sahitya Akademy</subfield>
    <subfield code="c">1994 &#x621;</subfield>
  </datafield>
  <datafield tag="270" ind1=" " ind2=" ">
    <subfield code="a">-</subfield>
    <subfield code="b">-</subfield>
    <subfield code="e">-</subfield>
  </datafield>
  <datafield tag="300" ind1=" " ind2=" ">
    <subfield code="a">111p.</subfield>
    <subfield code="c">22cm(Hb)     </subfield>
  </datafield>
  <datafield tag="942" ind1=" " ind2=" ">
    <subfield code="2">ddc</subfield>
    <subfield code="c">UR</subfield>
    <subfield code="h">840.8</subfield>
    <subfield code="m">&#x645; &#x634; &#x631;</subfield>
  </datafield>
  <datafield tag="952" ind1=" " ind2=" ">
    <subfield code="0">0</subfield>
    <subfield code="1">0</subfield>
    <subfield code="4">0</subfield>
    <subfield code="7">0</subfield>
    <subfield code="8">NFIC</subfield>
    <subfield code="a">L</subfield>
    <subfield code="b">L</subfield>
    <subfield code="d">2020-01-27</subfield>
    <subfield code="e">BPPD/Ven.</subfield>
    <subfield code="g">15.00</subfield>
    <subfield code="l">0</subfield>
    <subfield code="o">840.8 &#x645; &#x634; &#x631;</subfield>
    <subfield code="p">A-678257</subfield>
    <subfield code="r">2020-01-27 00:00:00</subfield>
    <subfield code="t">1</subfield>
    <subfield code="v">15.00</subfield>
    <subfield code="w">2020-01-27</subfield>
    <subfield code="y">UR</subfield>
  </datafield>
</record>
